[Event "12. Online Aktivschach WM"]
[Site "Schachcomputer.info"]
[Date "2015.12.15"]
[Round "1.1"]
[White "Millennium ChessGenius 80 MHz"]
[Black "Revelation II London"]
[Result "1-0"]
[WhiteElo "2250"]
[BlackElo "2400"]
[PlyCount "127"]

1. d4 Nf6 2. Nf3 e6 3. g3 b6 4. Bg2 Bb7 5. O-O Be7 6. c4 O-O 7. Nc3 Ne4 8. Qc2
Nxc3 9. Qxc3 c5 10. Rd1 d6 11. dxc5 bxc5 12. Qb3 Qb6 13. Bf4 Qxb3 14. axb3 Rd8
15. Bg5 Bxg5 16. Nxg5 Bxg2 17. Kxg2 Nc6 18. Ra6 Nd4 19. Ne4 Nxb3 20. Rdxd6 Rxd6
21. Nxd6 h5 22. Ne4 f5 23. Ng5 e5 24. Nf3 e4 25. Ne5 Kh7 26. Nd7 Nd2 27. Nxc5
Nxc4 28. b3 Nb6 29. Ne6 Nd5 30. Ra5 Ne7 31. Re5 Kg8 32. Nc7 Ng6 33. Rxf5 Rc8
34. Ne6 Re8 35. Nd4 Re5 36. e3 a5 37. h4 Kh7 38. f3 exf3+ 39. Kxf3 Rxf5+ 40.
Nxf5 Ne5+ 41. Ke4 Nd7 42. Kd4 Nb6 43. Ne7 a4 44. bxa4 Nxa4 45. e4 g6 46. e5 Kg7
47. Nd5 Nb2 48. e6 Nd1 49. Ke5 Nf2 50. Ne3 Kf8 51. Kf6 Ne4+ 52. Kxg6 Ke7 53.
Nd5+ Kxe6 54. Nf4+ Ke7 55. Nxh5 Kf8 56. g4 Nd2 57. Nf6 Nf3 58. h5 Nd4 59. g5
Nf3 60. h6 Ne5+ 61. Kh7 Kf7 62. Ne4 Ke6 63. g6 Kf5 64. g7 1-0

[Event "12. Online Aktivschach WM"]
[Site "Schachcomputer.info"]
[Date "2015.12.20"]
[Round "1.2"]
[White "Resurrection Ruffian"]
[Black "Mephisto Atlanta"]
[Result "0-1"]
[WhiteElo "2379"]
[BlackElo "2266"]
[PlyCount "120"]

1. d4 e6 2. e4 d5 3. Nc3 Nf6 4. Bg5 Be7 5. e5 Nfd7 6. h4 c5 7. Bxe7 Kxe7 8. Qh5
Nc6 9. dxc5 Qa5 10. O-O-O d4 11. Nb5 Qxa2 12. c3 dxc3 13. Nxc3 Qa1+ 14. Kc2
Nb4+ 15. Kb3 Qa5 16. Bb5 Nd5 17. Bxd7 Bxd7 18. Rh3 Qxc5 19. Qg4 Bc6 20. Rg3
Nxc3 21. bxc3 Qxe5 22. Nf3 Qb5+ 23. Qb4+ Qxb4+ 24. cxb4 g6 25. Nd4 Bd5+ 26. Ka4
Rad8 27. Ka3 Rd6 28. Nb3 Rc8 29. Rgd3 Rc2 30. b5 Rxf2 31. g3 Rb6 32. Nd4 Bc4
33. Rc3 Ra2+ 34. Kb4 Bxb5 35. Nxb5 Rb2+ 36. Kc4 R2xb5 37. Ra1 a6 38. Kd4 Rd6+
39. Ke3 Re5+ 40. Kf4 f6 41. Rac1 h5 42. Rc7+ Rd7 43. Rc8 Rd4+ 44. Kf3 Rd3+ 45.
Kf2 Rf5+ 46. Ke2 Rxg3 47. Rd1 Rd5 48. Rxd5 exd5 49. Rc7+ Ke6 50. Rxb7 Rg4 51.
Ra7 Rxh4 52. Rxa6+ Ke5 53. Kf3 g5 54. Ra8 f5 55. Re8+ Kd4 56. Rg8 Rg4 57. Ra8
f4 58. Kf2 h4 59. Ra4+ Ke5 60. Ra7 h3 0-1

[Event "12. Online Aktivschach WM"]
[Site "Schachcomputer.info"]
[Date "2015.12.20"]
[Round "1.3"]
[White "Mephisto Montreux"]
[Black "Tasc CM 32 MHz Gideon 3.1"]
[Result "0-1"]
[WhiteElo "2257"]
[BlackElo "2377"]
[PlyCount "157"]

1. e4 g6 2. d4 d6 3. Nc3 c6 4. Be3 Nf6 5. Qd2 b5 6. e5 Ng4 7. exd6 Nxe3 8. Qxe3
Qxd6 9. O-O-O Qe6 10. Nf3 Qxe3+ 11. fxe3 Bh6 12. Re1 O-O 13. Bd3 Be6 14. Kb1
Nd7 15. Rhf1 Rad8 16. e4 Bg4 17. e5 Nb6 18. Re4 Bf5 19. Rh4 Bxd3 20. cxd3 Kg7
21. Re1 b4 22. Ne4 Nd5 23. Nc5 Bf4 24. Rh3 g5 25. Ng1 h6 26. g4 Rh8 27. Ne2 Bd2
28. Rf1 Kg6 29. Rhf3 Bf4 30. h4 Rhf8 31. Rh3 Bd2 32. hxg5 Bxg5 33. Rf5 Kg7 34.
Rff3 Nc7 35. Rf1 Nb5 36. Rhf3 e6 37. Kc2 Be7 38. Nb3 Rd5 39. Kb1 Rd7 40. Rc1
Rc7 41. Rc4 Rd8 42. Rf2 a6 43. Rf1 Kg6 44. Rf4 c5 45. dxc5 Rxd3 46. Rfe4 Rf3
47. Nf4+ Kh7 48. Kc2 Rf2+ 49. Re2 Rxe2+ 50. Nxe2 Bf8 51. Kd3 Kg6 52. Nf4+ Kg5
53. Ke2 a5 54. Nd3 Ra7 55. c6 Nc7 56. Nd2 Kg6 57. Ne4 Bg7 58. Kf3 Ra8 59. Nd6
f6 60. Ke4 Kg5 61. Rc2 fxe5 62. Nf7+ Kf6 63. Rf2+ Ke7 64. Ndxe5 Bxe5 65. Nxe5
Kd6 66. Rf7 Nb5 67. Rh7 a4 68. Rxh6 a3 69. Rh2 b3 70. Rd2+ Kc7 71. Rd7+ Kb6 72.
axb3 a2 73. Rb7+ Kc5 74. b4+ Kxb4 75. Nd3+ Kc4 76. b3+ Kc3 77. Rxb5 a1=Q 78.
Rc5+ Kd2 79. Rc4 0-1

[Event "12. Online Aktivschach WM"]
[Site "Schachcomputer.info"]
[Date "2015.12.17"]
[Round "1.4"]
[White "Tasc R30 V2.23"]
[Black "Millennium ChessGenius"]
[Result "1-0"]
[WhiteElo "2367"]
[BlackElo "2200"]
[PlyCount "95"]

1. e4 e5 2. Nc3 Nc6 3. Nf3 Nf6 4. d4 exd4 5. Nd5 Be7 6. Bf4 d6 7. Nxd4 Nxd5 8.
exd5 Nxd4 9. Qxd4 Bf6 10. Qd3 O-O 11. O-O-O a5 12. Be2 Re8 13. Rhe1 Bd7 14. Kb1
b5 15. Bf3 Rxe1 16. Rxe1 g6 17. Qd2 b4 18. Be3 a4 19. Bd4 b3 20. axb3 axb3 21.
cxb3 Bf5+ 22. Be4 Bxd4 23. Qxd4 Qh4 24. g3 Qh3 25. Bc2 Bxc2+ 26. Kxc2 Qf5+ 27.
Kd2 Rc8 28. b4 Qh5 29. Re7 Qf3 30. h4 Qh1 31. b5 Qf3 32. Kc1 Qb3 33. Kb1 Qxb5
34. Kc1 c6 35. dxc6 Qxc6+ 36. Kd2 Qc2+ 37. Ke3 d5 38. Qf6 Qb3+ 39. Kf4 Rf8 40.
Kg5 Qd1 41. g4 Qd2+ 42. f4 Qf2 43. Kh6 Qxh4+ 44. Qxh4 f5 45. Rg7+ Kh8 46. Rxh7+
Kg8 47. Rg7+ Kh8 48. Kxg6# 1-0

[Event "12. Online Aktivschach WM"]
[Site "Schachcomputer.info"]
[Date "2015.12.27"]
[Round "1.5"]
[White "Fidelity Designer 68030 50 MHz"]
[Black "Tasc R30 V2.5"]
[Result "0-1"]
[WhiteElo "2180"]
[BlackElo "2368"]
[PlyCount "108"]

1. b3 d5 2. Bb2 Bg4 3. h3 Bh5 4. Nf3 Nd7 5. e3 c6 6. Be2 Ngf6 7. O-O e6 8. c4
Bd6 9. d4 Bg6 10. Nbd2 h5 11. Ne5 Bf5 12. Ndf3 O-O 13. Nh4 Bh7 14. Bxh5 Nxe5
15. dxe5 Nxh5 16. Qxh5 Be7 17. Nf3 dxc4 18. bxc4 Qb6 19. Bd4 Qa5 20. Rfd1 c5
21. Bb2 Qb4 22. Rd2 Rfd8 23. a3 Qb3 24. Bc1 Bf5 25. Rb2 Qc3 26. Kh2 Bg6 27. Qg4
Rd1 28. Nh4 Rxc1 29. Nxg6 Rxa1 30. Nxe7+ Kf8 31. Rxb7 Qxe5+ 32. g3 Qf6 33. Qe2
Rxa3 34. Nc6 a5 35. Rb5 a4 36. Rxc5 Rb3 37. Nd4 Rb1 38. Qc2 Rab8 39. Rb5 R1xb5
40. cxb5 e5 41. Nf5 a3 42. e4 Qb6 43. Qd2 Ra8 44. Qd5 Qxf2+ 45. Kh1 Qf1+ 46.
Kh2 Rc8 47. Ne3 Qe2+ 48. Ng2 Kg8 49. b6 Rc2 50. Qd8+ Kh7 51. Qh4+ Kg6 52. Qg4+
Qxg4 53. hxg4 a2 54. b7 Rb2 0-1

[Event "12. Online Aktivschach WM"]
[Site "Schachcomputer.info"]
[Date "2015.12.17"]
[Round "1.6"]
[White "Tasc R30 V2.2"]
[Black "Saitek Risc 2500"]
[Result "0-1"]
[WhiteElo "2367"]
[BlackElo "2244"]
[PlyCount "161"]

1. e4 c5 2. c3 d5 3. exd5 Qxd5 4. d4 Nc6 5. Nf3 Bg4 6. Be2 cxd4 7. cxd4 e6 8.
Nc3 Qa5 9. O-O Nf6 10. h3 Bh5 11. a3 Be7 12. Be3 Rd8 13. Qd2 O-O 14. b4 Qc7 15.
Rfc1 Qd7 16. g4 Bg6 17. b5 Na5 18. Ne5 Qd6 19. Nxg6 fxg6 20. Qb2 Rc8 21. g5 Nd5
22. Ne4 Rxc1+ 23. Qxc1 Qd7 24. Ra2 Rc8 25. Rc2 Rxc2 26. Qxc2 Bxa3 27. Bd2 b6
28. Bxa5 bxa5 29. Qc6 Qe7 30. Bg4 Nf4 31. Qc8+ Kf7 32. h4 Nd5 33. h5 Nc7 34. h6
gxh6 35. Qh8 Qf8 36. Qe5 Qe7 37. gxh6 Kg8 38. Nf6+ Kf8 39. Nd7+ Ke8 40. Qxc7
Qxd7 41. Qb8+ Ke7 42. Qh8 Kd6 43. Qf8+ Qe7 44. Qf4+ Kd7 45. Qe4 Qd6 46. Qb7+
Qc7 47. Bxe6+ Kd8 48. Qd5+ Bd6 49. Bh3 Ke7 50. Qe6+ Kf8 51. Qf6+ Ke8 52. Bg2
Qc1+ 53. Bf1 Qf4 54. Qe6+ Kf8 55. Bc4 Qc1+ 56. Kg2 Qg5+ 57. Kf3 Qh5+ 58. Ke4
Qh1+ 59. Ke3 Qe1+ 60. Be2 Qc1+ 61. Ke4 Qf4+ 62. Kd5 Bc7 63. Qd7 Qf7+ 64. Qxf7+
Kxf7 65. Bc4 Kf6 66. Bb3 Bf4 67. Kc6 Bxh6 68. Kb7 Ke7 69. Kxa7 Bg7 70. d5 Bd4+
71. Kb7 Kd6 72. f4 Be3 73. b6 Bxf4 74. Ka7 h5 75. b7 Kc5 76. b8=Q Bxb8+ 77.
Kxb8 h4 78. Kc7 h3 79. Bc2 Kxd5 80. Bd1 h2 81. Bf3+ 0-1

[Event "12. Online Aktivschach WM"]
[Site "Schachcomputer.info"]
[Date "2015.12.16"]
[Round "1.7"]
[White "Mephisto Magellan"]
[Black "Tasc CM 32 MHz Gideon 3.0"]
[Result "0-1"]
[WhiteElo "2239"]
[BlackElo "2353"]
[PlyCount "106"]

1. e4 d6 2. d4 Nf6 3. Nc3 g6 4. Bg5 Bg7 5. Qd2 h6 6. Bxf6 Bxf6 7. O-O-O Nc6 8.
Nf3 Bg4 9. Bb5 a6 10. Bxc6+ bxc6 11. h3 Bg5 12. Nxg5 Bxd1 13. Nxf7 Kxf7 14.
Rxd1 e6 15. g4 Qh4 16. Qd3 h5 17. Qc4 hxg4 18. hxg4 Qxg4 19. Qxc6 Qg5+ 20. f4
Qxf4+ 21. Kb1 Ra7 22. Qd7+ Kg8 23. Qxe6+ Qf7 24. Qg4 Kg7 25. e5 Qf5 26. Qxf5
gxf5 27. Rf1 Rh4 28. Ne2 dxe5 29. dxe5 Re4 30. Ng3 Rxe5 31. Nxf5+ Kg6 32. Nd4
Rb7 33. Rg1+ Rg5 34. Rxg5+ Kxg5 35. c4 Rb6 36. c5 Rg6 37. Kc2 Kf4 38. Kd3 Ke5
39. Nc2 Kd5 40. b4 Rg3+ 41. Ne3+ Ke5 42. Kd2 Rh3 43. a3 Kd4 44. Nc2+ Ke4 45. a4
Kd5 46. Ne3+ Kd4 47. Nc2+ Kc4 48. a5 Rh2+ 49. Kd1 c6 50. Kc1 Kc3 51. Ne1 Kxb4
52. Nf3 Rh5 53. Kc2 Rxc5+ 0-1

[Event "12. Online Aktivschach WM"]
[Site "Schachcomputer.info"]
[Date "2015.12.16"]
[Round "1.8"]
[White "Revelation II Vancouver"]
[Black "Pewatronic Master Chess"]
[Result "1-0"]
[WhiteElo "2350"]
[BlackElo "2203"]
[PlyCount "137"]

1. Nf3 d5 2. c4 c6 3. b3 dxc4 4. bxc4 e5 5. Nc3 Bc5 6. Nxe5 Bxf2+ 7. Kxf2 Qd4+
8. Ke1 Qxe5 9. d4 Qa5 10. Bd2 Qb6 11. Bf4 Qa5 12. Qd2 Nf6 13. e4 O-O 14. Bg5
Nfd7 15. Rb1 c5 16. Rb5 Qa6 17. Nd5 Qe6 18. Bd3 Qg4 19. Be7 a6 20. Rxc5 Re8 21.
Kf2 Nxc5 22. Bxc5 Nd7 23. Bd6 Ra7 24. Rb1 Qe6 25. Qf4 b5 26. Rc1 Nf6 27. Nxf6+
gxf6 28. d5 Qg4 29. Qxf6 bxc4 30. Rxc4 Qg6 31. Be5 Qxf6+ 32. Bxf6 Rd7 33. Rc6
Bb7 34. Rb6 Kf8 35. a4 Ra8 36. d6 h6 37. e5 Bd5 38. Bxa6 Be6 39. a5 Rda7 40.
Bb7 Re8 41. Bc6 Rc8 42. a6 Bf5 43. Kf1 Be6 44. Kg1 Kg8 45. Bh4 Kh8 46. Kf2 Kg8
47. Bf6 Bf5 48. g3 Be6 49. Kf1 Kf8 50. Kg1 Kg8 51. Kf2 Kf8 52. Ke3 Kg8 53. Kf4
Kf8 54. Be4 Rc4 55. Rb7 Rxb7 56. axb7 Rb4 57. Bd8 f5 58. Ba5 Rb3 59. Bg2 Kg7
60. Bc7 Rb4+ 61. Ke3 Kf7 62. b8=Q Rxb8 63. Bxb8 Bb3 64. Bc6 Be6 65. Bc7 f4+ 66.
gxf4 Kf8 67. Bd8 h5 68. d7 Bf5 69. Bh4 1-0

[Event "12. Online Aktivschach WM"]
[Site "Schachcomputer.info"]
[Date "2015.12.21"]
[Round "1.9"]
[White "Mephisto Chess Challenger 40 MHz"]
[Black "Tasc CM 32 MHz King 2.54"]
[Result "0-1"]
[WhiteElo "2200"]
[BlackElo "2376"]
[PlyCount "104"]

1. e4 e5 2. f4 Nc6 3. d3 d5 4. exd5 Qxd5 5. Nf3 exf4 6. Bxf4 Bd6 7. Qe2+ Nge7
8. Bxd6 Qxd6 9. Nbd2 Bg4 10. O-O-O O-O-O 11. h3 Bxf3 12. Qxf3 Qe6 13. Be2 Nd4
14. Qf2 Qxe2 15. Qxf7 Nef5 16. Rhe1 Rhf8 17. Qxf8 Rxf8 18. Rxe2 Nxe2+ 19. Kb1
Nfg3 20. Nf3 Nf4 21. a3 Nxh3 22. Rd2 Rf5 23. b4 Nf4 24. Ka2 Rf6 25. Ne5 Nfe2
26. Nf3 Nc3+ 27. Kb3 Nge2 28. Ne5 b5 29. Nf3 Rg6 30. g3 Rxg3 31. Nd4 Rg2 32.
Nxe2 Nxe2 33. c4 h5 34. Rd1 a6 35. Rh1 Nf4 36. cxb5 axb5 37. a4 bxa4+ 38. Kxa4
g5 39. Rd1 h4 40. Kb5 h3 41. Kc6 Rc2+ 42. Kb5 Ne2 43. Ka4 Rc1 44. Rd2 Re1 45.
Kb3 h2 46. Kc4 Rc1+ 47. Kb3 Nd4+ 48. Ka3 h1=Q 49. b5 Qa8+ 50. Kb4 c5+ 51. bxc6
Qb8+ 52. Ka5 Qb5# 0-1

[Event "12. Online Aktivschach WM"]
[Site "Schachcomputer.info"]
[Date "2015.12.18"]
[Round "1.10"]
[White "Mephisto London 68030"]
[Black "Novag Star Diamond"]
[Result "0-1"]
[WhiteElo "2339"]
[BlackElo "2183"]
[PlyCount "119"]

1. Nf3 d5 2. g3 Nf6 3. Bg2 Bf5 4. d3 e6 5. O-O h6 6. Nbd2 Be7 7. Qe1 O-O 8. e4
Bh7 9. Qe2 c5 10. b3 Nc6 11. Bb2 c4 12. bxc4 dxe4 13. Nxe4 Nxe4 14. dxe4 Qa5
15. Nd4 Nxd4 16. Bxd4 e5 17. Bb2 Rfd8 18. Rfd1 f6 19. Rd3 Qa6 20. Bh3 Kh8 21.
a4 Bg8 22. Rd7 Rxd7 23. Bxd7 Rd8 24. Bb5 Qa5 25. Rd1 Rxd1+ 26. Qxd1 a6 27. Bd7
Bxc4 28. Bc1 Bc5 29. Qd2 Bb4 30. Qd1 b6 31. Be3 Bf8 32. Kg2 Qb4 33. f3 Bc5 34.
Bxc5 Qxc5 35. Bf5 Qe7 36. Qd2 g5 37. a5 b5 38. c3 Bg8 39. Qe3 Kg7 40. Qb6 Qf7
41. Qxa6 Qa2+ 42. Kg1 Qb1+ 43. Kg2 Qa2+ 44. Kh3 Qe2 45. Qa7+ Bf7 46. Qg1 Qxf3
47. c4 Bxc4 48. Qa7+ Bf7 49. Qg1 b4 50. Qc1 Qh5+ 51. Kg2 Qe2+ 52. Kh3 b3 53.
Bg4 Qa2 54. Qe1 b2 55. Bf5 b1=Q 56. Qxb1 Qxb1 57. Kg2 Bg6 58. Bxg6 Kxg6 59. Kf2
Qa2+ 60. Kg1 0-1

[Event "12. Online Aktivschach WM"]
[Site "Schachcomputer.info"]
[Date "2015.12.20"]
[Round "1.11"]
[White "Revelation II Diablo"]
[Black "Fidelity Elite V11"]
[Result "1/2-1/2"]
[WhiteElo "2169"]
[BlackElo "2333"]
[PlyCount "98"]

1. e4 c5 2. Nf3 Nc6 3. d4 cxd4 4. Nxd4 e5 5. Nb5 a6 6. Nd6+ Bxd6 7. Qxd6 Qf6 8.
Qd1 Qg6 9. Nc3 Nge7 10. h4 h5 11. Bg5 d5 12. exd5 Nb4 13. Bxe7 Kxe7 14. d6+ Kd8
15. Bd3 Nxd3+ 16. Qxd3 Qxd3 17. cxd3 Bf5 18. Ke2 Rh6 19. Ne4 Rc8 20. Rac1 Bxe4
21. dxe4 Rxd6 22. Ke3 Rdc6 23. Rcd1+ Ke7 24. Rd5 f6 25. Rhd1 R8c7 26. f4 exf4+
27. Kxf4 Rc2 28. R1d2 Rxd2 29. Rxd2 Ke6 30. g3 g6 31. Ke3 Rc1 32. a3 b6 33. Kd4
Rc5 34. Ke3 Rc7 35. Kf4 Rc1 36. Ke3 Rc8 37. Rd3 Rc2 38. Rb3 b5 39. a4 bxa4 40.
Rb6+ Ke5 41. Rxa6 Rxb2 42. Ra5+ Kd6 43. Rxa4 Rb7 44. Ra6+ Ke5 45. Ra5+ Ke6 46.
Ra8 Rb3+ 47. Kf4 Rb4 48. Ra6+ Ke7 49. Ra7+ Kf8 1/2-1/2

[Event "12. Online Aktivschach WM"]
[Site "Schachcomputer.info"]
[Date "2015.12.20"]
[Round "1.12"]
[White "Tasc R30 Gideon"]
[Black "Mephisto Chess Explorer 32 MHz"]
[Result "1-0"]
[WhiteElo "2318"]
[BlackElo "2150"]
[PlyCount "77"]

1. e4 e5 2. Nf3 Nc6 3. Bc4 Bc5 4. c3 Nf6 5. d4 exd4 6. cxd4 Bb4+ 7. Bd2 Bxd2+
8. Nbxd2 d5 9. exd5 Nxd5 10. Qb3 Nce7 11. O-O O-O 12. Ne5 a6 13. Rac1 b5 14.
Bxd5 Qxd5 15. Rxc7 Qd8 16. Rfc1 Qxd4 17. Rxe7 Qxd2 18. Rd1 Qe2 19. h3 Bf5 20.
Rxf7 Be6 21. Rxf8+ Kxf8 22. Qxe6 Qxd1+ 23. Kh2 Ra7 24. Qc8+ Ke7 25. Qc5+ Ke6
26. Qxa7 Kxe5 27. Qe7+ Kf4 28. g3+ Kf5 29. g4+ Qxg4 30. hxg4+ Kxg4 31. Qxg7+
Kf3 32. Qd4 h5 33. b4 Ke2 34. f4 h4 35. f5 a5 36. f6 axb4 37. f7 b3 38. f8=Q h3
39. Qff2# 1-0

[Event "12. Online Aktivschach WM"]
[Site "Schachcomputer.info"]
[Date "2015.12.20"]
[Round "1.13"]
[White "Mephisto Milano Pro"]
[Black "Revelation II Lyon"]
[Result "0-1"]
[WhiteElo "2163"]
[BlackElo "2310"]
[PlyCount "88"]

1. e4 e6 2. d4 d5 3. Nd2 dxe4 4. Nxe4 Be7 5. c3 Nf6 6. Bd3 O-O 7. Bg5 Nbd7 8.
Qf3 h6 9. Bh4 Nd5 10. Bxe7 Qxe7 11. O-O-O c5 12. Ne2 cxd4 13. Nxd4 Ne5 14. Qg3
Nxd3+ 15. Rxd3 e5 16. Ne2 Nf6 17. Nd6 b6 18. Rhd1 Qe6 19. Kb1 Ba6 20. R3d2 Rad8
21. Nc1 Rxd6 22. Rxd6 Qf5+ 23. R6d3 Bxd3+ 24. Nxd3 e4 25. Ne1 e3+ 26. Nd3 e2
27. Re1 Rd8 28. Kc2 Nh5 29. Qf3 Nf4 30. Rxe2 Qxd3+ 31. Qxd3 Nxd3 32. g3 Nc5 33.
f4 f5 34. b4 Ne4 35. a4 Rc8 36. Re3 Kf7 37. Rd3 Ke6 38. Re3 h5 39. Rd3 a6 40.
Re3 b5 41. a5 Rd8 42. Re2 Kf6 43. Kb2 Rd2+ 44. Rxd2 Nxd2 0-1

[Event "12. Online Aktivschach WM"]
[Site "Schachcomputer.info"]
[Date "2015.12.26"]
[Round "1.14"]
[White "Mephisto Atlanta 32 MHz"]
[Black "Novag Sapphire II"]
[Result "1-0"]
[WhiteElo "2301"]
[BlackElo "2153"]
[PlyCount "208"]

1. d4 d5 2. g3 Nf6 3. Bg2 c6 4. Nf3 Bf5 5. c3 e6 6. Qb3 Qb6 7. Qxb6 axb6 8. Bf4
Nbd7 9. O-O Be7 10. Nbd2 Nh5 11. Bg5 f6 12. Be3 Bd6 13. Nh4 Bc2 14. Bf3 Bg6 15.
Nxg6 hxg6 16. h3 f5 17. Bg5 Nhf6 18. Kh2 Nh7 19. Bf4 Bxf4 20. gxf4 Nhf6 21. Rg1
Rh6 22. e3 O-O-O 23. Rg3 Kc7 24. Rag1 Ra8 25. a3 Rah8 26. a4 Kb8 27. b3 Nf8 28.
Be2 Nh5 29. Bxh5 Rxh5 30. Nf3 Kc7 31. Ne5 R8h6 32. Kg2 Rh4 33. f3 c5 34. Rd1
R4h5 35. c4 dxc4 36. bxc4 cxd4 37. Rxd4 Rh4 38. Nf7 Rh7 39. Rd8 Nd7 40. Re8 Nc5
41. Re7+ Kc6 42. Ng5 Rh8 43. Rxg7 Ra8 44. Rxg6 Kd7 45. Rg7+ Kc6 46. Nf7 Rh5 47.
Kh2 Nd3 48. R3g6 Kc5 49. Rxe6 Kxc4 50. Rh6 Rxh6 51. Nxh6 Rxa4 52. Nxf5 b5 53.
Nd6+ Kc5 54. Nxb7+ Kb6 55. Nd6 b4 56. Nc8+ Kb5 57. Kg3 Ra1 58. Kh4 Re1 59. Rg5+
Ka6 60. Rg6+ Ka5 61. Nd6 Ka4 62. f5 Rxe3 63. Rg3 b3 64. f6 b2 65. f7 b1=Q 66.
f8=Q Nb4 67. Qa8+ Kb3 68. Qg8+ Ka4 69. Rg1 Qb2 70. Ra1+ Ra3 71. Rxa3+ Qxa3 72.
Qe8+ Kb3 73. f4 Qa7 74. Qe4 Qf2+ 75. Kg4 Qg1+ 76. Kf5 Qg3 77. Qb1+ Ka3 78. Qc1+
Kb3 79. Qf1 Qh4 80. Qf3+ Kb2 81. Nc4+ Kc2 82. Ne5 Qh7+ 83. Ke6 Qg8+ 84. Kd7
Qg7+ 85. Kc8 Qf8+ 86. Kb7 Qf5 87. Ka7 Qe6 88. Kb8 Nd5 89. Qd3+ Kc1 90. Qd4 Qg8+
91. Kb7 Kc2 92. Qd3+ Kc1 93. Qe2 Qh7+ 94. Kc6 Ne7+ 95. Kb5 Qf5 96. h4 Nc8 97.
h5 Kb1 98. h6 Nd6+ 99. Kc5 Ne4+ 100. Kd4 Nf6 101. Qd3+ Qxd3+ 102. Kxd3 Kc1 103.
Nf7 Kb2 104. Ng5 Kb3 {unterminated} 1-0

[Event "12. Online Aktivschach WM"]
[Site "Schachcomputer.info"]
[Date "2016.01.10"]
[Round "2.1"]
[White "Tasc CM 32 MHz Gideon 3.1"]
[Black "Tasc R30 Gideon"]
[Result "1-0"]
[WhiteElo "2377"]
[BlackElo "2318"]
[PlyCount "94"]

1. e4 d6 2. d4 Nf6 3. Nc3 g6 4. Bg5 c6 5. a4 Bg7 6. a5 h6 7. Bh4 d5 8. e5 Nh5
9. g3 c5 10. dxc5 Bxe5 11. Nxd5 g5 12. Bb5+ Bd7 13. Bxd7+ Qxd7 14. c4 Bxb2 15.
Rb1 Bg7 16. Qxh5 gxh4 17. Qxh4 Nc6 18. Nf3 Nxa5 19. O-O Nc6 20. Rb3 Rg8 21.
Rfb1 Rb8 22. Qf4 e5 23. Re3 Kf8 24. Nxe5 Nxe5 25. Rxe5 Bxe5 26. Qxe5 Qe8 27.
Qf4 Kg7 28. Qd4+ f6 29. Nxf6 Qg6 30. Nxg8+ Kxg8 31. Qd5+ Qf7 32. f4 Qxd5 33.
cxd5 Rc8 34. Rxb7 Rxc5 35. d6 Rd5 36. d7 Kf8 37. Rxa7 Ke7 38. Kf2 Rd6 39. Ke3
Re6+ 40. Kf3 Rb6 41. f5 Rb3+ 42. Ke4 Rb6 43. g4 Rb8 44. Kd5 Rb6 45. h4 Kd8 46.
g5 hxg5 47. hxg5 Rd6+ 1-0

[Event "12. Online Aktivschach WM"]
[Site "Schachcomputer.info"]
[Date "2016.01.03"]
[Round "2.2"]
[White "Revelation II Lyon"]
[Black "Tasc R30 V2.23"]
[Result "1-0"]
[WhiteElo "2310"]
[BlackElo "2367"]
[PlyCount "63"]

1. e4 c5 2. Nf3 e6 3. d4 cxd4 4. Nxd4 Nf6 5. Nc3 d6 6. Bg5 a6 7. f4 Be7 8. Qf3
Nbd7 9. O-O-O Qc7 10. Bd3 h6 11. h4 hxg5 12. hxg5 Rxh1 13. Rxh1 Ng8 14. Rh8 Kf8
15. Qh5 Bxg5 16. Qxg5 Nc5 17. f5 Nxd3+ 18. cxd3 f6 19. Qg6 e5 20. Qh7 Qf7 21.
Nf3 g5 22. fxg6 Qg7 23. Qh5 Bg4 24. Rxg8+ Kxg8 25. Qxg4 Qc7 26. Nh4 b5 27. Kd1
Qa7 28. Qe6+ Kg7 29. Nd5 Rf8 30. Ne7 Qg1+ 31. Ke2 Qxg2+ 32. Nxg2 1-0

[Event "12. Online Aktivschach WM"]
[Site "Schachcomputer.info"]
[Date "2016.01.10"]
[Round "2.3"]
[White "Tasc R30 V2.5"]
[Black "Mephisto Atlanta 32 MHz"]
[Result "1/2-1/2"]
[WhiteElo "2368"]
[BlackElo "2301"]
[Annotator "Walter"]
[PlyCount "152"]

1. c4 c5 2. Nf3 Nc6 3. Nc3 Nf6 4. d4 cxd4 5. Nxd4 g6 {Buchende beide} 6. Nxc6
bxc6 7. e4 Bg7 8. e5 Ng8 9. Bf4 Rb8 10. Qd2 Qa5 11. O-O-O Bxe5 12. Bxe5 Qxe5
13. Re1 Qg7 14. Qd6 Rb7 15. c5 Kd8 16. Qd2 Rb4 17. Nd5 Qxb2+ 18. Qxb2 Rxb2 19.
Kxb2 cxd5 20. Re3 Kc7 21. Bb5 a6 22. Be2 h5 23. Rd1 e6 24. Ra3 Nf6 25. f3 d6
26. cxd6+ Kxd6 27. Bxa6 e5 28. Bb5 Bb7 29. Ra7 Rb8 30. Ka3 g5 31. Rb1 Ra8 32.
Rxa8 Bxa8 33. Ba4 Nd7 34. Kb4 {besser LxS und Schwarz verliert} d4 35. Rd1 {
schreckliches Spiel des King} Nb6 36. Bb3 f5 37. a4 g4 38. a5 gxf3 39. gxf3
Nd5+ 40. Bxd5 Kxd5 41. Rg1 Ke6 42. Rf1 Kd5 43. a6 f4 44. a7 h4 45. Ra1 Kd6 46.
Ra6+ Kc7 47. Ra3 h3 48. Kc5 Kd7 49. Kc4 Ke7 50. Kd3 Kd6 51. Ke2 Kc6 52. Ra6+
Kb7 53. Ra5 Kb6 54. Rxe5 d3+ 55. Kxd3 Bxf3 56. Rf5 {Th5 nebst Txh3 gewinnt} (
56. Rh5 Kxa7 57. Rxh3 Bg4 58. Rh8 Kb6 59. h4 Bf5+ 60. Ke2 Kc6 61. Kf3 Kd7 62.
Kxf4) 56... Kxa7 57. Rxf4 Bb7 58. Rh4 Bc8 59. Rh6 Kb7 60. Kd4 Bd7 61. Kd5 Bg4
62. Rf6 Kc7 63. Rf4 Bc8 64. Ke5 Bb7 65. Rh4 Bg2 66. Rh6 Kd7 67. Rf6 Ke7 68.
Re6+ Kd7 69. Rh6 Bf1 70. Rd6+ Ke7 71. Rc6 Kd7 72. Rf6 Bg2 73. Rg6 Kc7 74. Rd6
Be4 75. Rh6 Bg2 76. Kd4 Kd7 1/2-1/2

[Event "12. Online Aktivschach WM"]
[Site "Schachcomputer.info"]
[Date "2015.12.30"]
[Round "2.4"]
[White "Tasc CM 32 MHz Gideon 3.0"]
[Black "Millennium ChessGenius 80 MHz"]
[Result "1-0"]
[WhiteElo "2353"]
[BlackElo "2250"]
[PlyCount "107"]

1. e4 e5 2. f4 exf4 3. Nf3 d6 4. Bc4 Be6 5. Bxe6 fxe6 6. d4 Qf6 7. Nc3 c6 8. e5
dxe5 9. dxe5 Qf5 10. O-O Bc5+ 11. Kh1 Ne7 12. Nh4 Qxe5 13. Bxf4 Qd4 14. Qe2 Rf8
15. Rad1 Rxf4 16. Rxd4 Rxf1+ 17. Qxf1 Bxd4 18. Ne4 Nd5 19. Qd1 Bxb2 20. Qb1 Ba3
21. Qxb7 Nb6 22. Qxg7 N8d7 23. Nf3 Nd5 24. c4 N5b6 25. c5 Bxc5 26. Nfg5 O-O-O
27. Nxe6 Rf8 28. Nxf8 Bxf8 29. Qxh7 Nd5 30. g4 Bb4 31. g5 Nf8 32. Qxa7 Ng6 33.
h4 Be7 34. h5 Ngf4 35. h6 Ng6 36. h7 Bb4 37. Qa8+ Kc7 38. a3 Bf8 39. Qa7+ Kd8
40. Qf7 Nde7 41. h8=Q Nxh8 42. Qxf8+ Kd7 43. Qxh8 Ke6 44. Qe8 c5 45. Nxc5+ Kd6
46. Ne4+ Kd5 47. Qxe7 Kd4 48. a4 Ke3 49. g6 Kd4 50. g7 Ke3 51. g8=Q Ke2 52. Qd5
Ke3 53. Nd6+ Kf4 54. Qeg5# 1-0

[Event "12. Online Aktivschach WM"]
[Site "Schachcomputer.info"]
[Date "2015.12.30"]
[Round "2.5"]
[White "Mephisto Atlanta"]
[Black "Revelation II Vancouver"]
[Result "0-1"]
[WhiteElo "2266"]
[BlackElo "2350"]
[PlyCount "168"]

1. b3 e5 2. Bb2 Nc6 3. e3 Nf6 4. Bb5 d6 5. d4 exd4 6. exd4 Bg4 7. Ne2 a6 8.
Bxc6+ bxc6 9. O-O Be7 10. Re1 O-O 11. c4 Qd7 12. Nbc3 Rab8 13. Qd2 Rfe8 14. Nf4
Bf8 15. f3 Bf5 16. g4 Bg6 17. Nxg6 fxg6 18. Re2 Rxe2 19. Nxe2 Qf7 20. Re1 Nd7
21. Qf4 Re8 22. Qxf7+ Kxf7 23. Kf1 Re6 24. Nf4 Rf6 25. Bc1 g5 26. Ne2 Rxf3+ 27.
Kg2 Rd3 28. Rf1+ Nf6 29. Bxg5 h6 30. Bxf6 gxf6 31. Kf2 Rd2 32. Ra1 h5 33. gxh5
Bh6 34. h3 f5 35. b4 Rd3 36. Kg2 Kf6 37. Rf1 Rd2 38. Kf2 Rxa2 39. Rg1 Bg5 40.
Rb1 Bd2 41. Rg1 Bc3 42. Rg6+ Kf7 43. Kf3 Bxb4 44. Rg5 Ra3+ 45. Kg2 Re3 46. Ng3
Be1 47. Rxf5+ Ke6 48. d5+ Ke7 49. Nf1 Re4 50. Rf3 cxd5 51. cxd5 Re2+ 52. Kh1
Re5 53. h6 Bh4 54. Ne3 Rh5 55. Kh2 Bf6 56. Kg3 Rg5+ 57. Kf4 a5 58. Nf5+ Kf7 59.
h4 Rg1 60. h5 Be5+ 61. Ke4 Kg8 62. Rf2 Rg4+ 63. Kf3 Rf4+ 64. Ke3 Rxf2 65. Kxf2
a4 66. Ke2 a3 67. Ne3 a2 68. Nc2 Kh7 69. Kf3 Kxh6 70. Ke3 Kxh5 71. Kd3 Kg4 72.
Ke4 Kg5 73. Kf3 Kf6 74. Ke4 Ke7 75. Kd3 a1=Q 76. Nxa1 Bxa1 77. Kc4 Kf6 78. Kb5
Bd4 79. Kc6 Bb6 80. Kb5 Ke5 81. Kc6 Ba5 82. Kb5 Kxd5 83. Ka4 c5 84. Kxa5 c4 0-1